Statistics for Harry Potter - Name The Hogwarts Classes

Click here to take the quiz!

General Stats

  • This quiz has been taken 21,933 times
    (19,899 since last reset)
  • The average score is 9 of 14

Answer Stats

Answer% Correct
Potions
96%
Defence Against The Dark Arts
94%
Charms
78%
Herbology
76%
Transfiguration
76%
Care of Magical Creatures
73%
Divination
72%
History of Magic
68%
Flying
66%
Muggle Studies
60%
Astronomy
56%
Study of Ancient Runes
53%
Arithmancy
48%
Apparition
30%

Score Distribution

Percentile by Number Answered

Percent of People with Each Score

Your Score History

You have not taken this quiz since the last reset